All 5k+ cities in Arizona on a map - Statistics

General Stats
  • This quiz has been taken 24 times
  • The average score is 28 of 56
Answers on the Map
Answers color-coded by a green-red scale on the quiz's map according to % correct below.
 
Answer Stats
City Population % Correct
Phoenix 1,608,139
100%
Chandler 275,987
94%
Flagstaff 76,831
94%
Gilbert 267,918
94%
Glendale 248,325
94%
Mesa 504,258
94%
Scottsdale 241,361
94%
Tucson 542,629
94%
Yuma 95,548
94%
Goodyear 95,294
83%
Lake Havasu City 57,144
83%
Surprise 143,148
83%
Tempe 180,587
83%
Buckeye 91,502
78%
Peoria 190,985
78%
Maricopa 58,125
72%
Avondale 89,334
67%
Casa Grande 53,658
67%
Prescott 45,827
67%
Sierra Vista 45,308
61%
Nogales 19,770
56%
Bullhead City 41,348
50%
Kingman 32,689
50%
Prescott Valley 46,785
50%
Queen Creek 59,519
50%
Sedona 9,684
50%
Marana 51,908
44%
Winslow 9,005
44%
Apache Junction 38,499
39%
Page 7,440
39%
Douglas 16,534
33%
Florence 26,785
33%
Fountain Hills 23,820
33%
Oro Valley 47,070
33%
Payson 16,351
33%
Show Low 11,732
33%
Wickenburg 7,474
33%
Camp Verde 12,147
28%
Litchfield Park 6,847
28%
Benson 5,355
22%
Chino Valley 13,020
22%
Coolidge 13,218
22%
Cottonwood 12,029
22%
El Mirage 35,805
22%
Globe 7,249
22%
Guadalupe 5,322
22%
Paradise Valley 12,658
22%
San Luis 35,257
22%
Snowflake 6,104
22%
Eloy 15,635
17%
Safford 10,129
17%
Sahuarita 34,134
17%
Somerton 14,197
17%
Thatcher 5,231
17%
Tolleson 7,216
17%
Youngtown 7,056
17%
No matching quizzes found
Score Distribution
Percent of People with Each Score
Percentile by Number Answered
Your Score History
You have not taken this quiz